000 00514nam a2200193Ia 4500
005 20250508154701.0
008 008 250505s9999 xx 000 0 eng d
037 _aTextual
040 _aFEDL
_beng
_cFEDL
041 _aeng
_2eng
084 _a025, KEN
_qFEDL
100 _aKent Allen
245 0 _aLibrary planning for automation
260 _aLondon, UK
_bMacmillan Company
_c1965
300 _aix,195p.
650 _aLibrary Science
942 _cTEXL
_h025, KEN
999 _c1351589
_d1351589